| 000 | 00402nam a22001337a 4500 | ||
|---|---|---|---|
| 082 |
_a624.18341 _bRAO |
||
| 100 |
_aRao, K.L _926908 |
||
| 245 |
_aCalculation design and testing of reinforced concrete _cRao, K.L |
||
| 260 |
_aTulsi Sadan, India _bCharotar Book Stall _cc1963. |
||
| 300 |
_avii, p 574. _bill. _c16cm |
||
| 526 |
_a0 _b0 _c0 _d624_183410000000000_RAO |
||
| 650 |
_aMCE _9379 |
||
| 942 |
_2ddc _cBK |
||
| 999 |
_c547095 _d547095 |
||